[Event "Hokkaido Chess Championship 2025"]
[Site ""]
[Date "2025.03.23"]
[Round "4"]
[Board "5"]
[White "Miyatani, Ryouhei"]
[Black "Takeuchi, Hiroshi"]
[Result "1-0"]
[WhiteElo "1672"]
[BlackElo "1629"]
[PlyCount "83"]
[EventDate "2025.03.22"]
[EventRounds "5"]
[EventCountry "JPN"]

1. e4 d6 2. d4 Nf6 3. Nc3 g6 4. Nf3 Bg7 5. Be2 O-O 6. O-O e5 7. dxe5 dxe5 8.
Qxd8 Rxd8 9. Bg5 Re8 10. Rfd1 Bg4 11. Bxf6 Bxf6 12. h3 Be6 13. Nd5 Bxd5 14.
Rxd5 Nc6 15. Bb5 Red8 16. Bxc6 bxc6 17. Rxd8+ Rxd8 18. Kf1 Bg7 19. Ke2 f6 20.
Rd1 Rxd1 21. Kxd1 Kf7 22. Ke2 Bh6 23. Ne1 Ke6 24. Kd3 Bf8 25. Kc4 h6 26. Nd3 f5
27. f4 fxe4 28. Nxe5 Kf5 29. Kd4 Bd6 30. Nxc6 Kxf4 31. Nxa7 Kg3 32. Nb5 Bf4 33.
Kxe4 g5 34. a4 c6 35. Nd4 Bc7 36. Kf5 Kxg2 37. Kg4 Bf4 38. Ne6 Bd2 39. c3 Be3
40. b4 h5+ 41. Kxh5 Kxh3 42. Nxg5+  1-0

[Event "Hokkaido Chess Championship 2025"]
[Site ""]
[Date "2025.03.23"]
[Round "4"]
[Board "6"]
[White "Furuse, Mizuki"]
[Black "Aoki, Yasuhiro"]
[Result "1/2-1/2"]
[WhiteElo "1588"]
[BlackElo "1731"]
[PlyCount "110"]
[EventDate "2025.03.22"]
[EventRounds "5"]
[EventCountry "JPN"]

{[%evp 0,110,32,23,27,2,25,23,12,11,11,10,23,-13,33,33,47,26,44,42,35,17,25,37,
33,-11,3,-14,-15,-37,-18,-56,-52,-44,-53,-73,-75,-76,-55,-57,-74,-67,-79,-63,
-70,-58,-16,-12,-11,-17,-28,-21,19,19,26,26,26,-15,-8,-5,-3,-4,-9,-7,-8,-8,-6,
-1,-1,-97,-102,-82,-104,-134,-41,-46,-33,-37,-45,-38,-34,-49,-48,-72,-78,-135,
-133,-132,-81,-236,-213,-202,-202,-228,-164,-177,-166,-176,-183,-181,-170,-178,
-181,-182,-182,-182,-180,-182,-124,-124,-124,-121,-54]} 1. Nf3 Nf6 2. g3 g6 3.
Bg2 Bg7 4. O-O O-O 5. c4 d6 6. d3 c6 7. Nc3 e5 8. Rb1 Nbd7 9. b4 Qc7 10. b5 Nc5
11. bxc6 bxc6 12. Na4 Ne6 13. Bd2 Bd7 14. Nc3 Rfb8 15. Rxb8+ Rxb8 16. Qc2 d5
17. cxd5 cxd5 18. Rc1 d4 19. Ne4 Qxc2 20. Nxf6+ Bxf6 21. Rxc2 Rb1+ 22. Rc1
Rxc1+ 23. Bxc1 Bg7 24. Ba3 f6 25. Nd2 Nc7 26. Bc5 Be6 27. a4 a6 28. Bd6 Nd5 29.
Ne4 Nc3 30. Nc5 Bc8 31. Bf3 Bf8 32. Bxf8 Kxf8 33. a5 Ke7 34. Nb3 Kd6 35. Kf1
Be6 36. Nd2 Bd5 37. Bxd5 Kxd5 38. Nc4 Na2 39. Ke1 Nb4 40. Nb6+ Kc6 41. Nc4 Kb5
42. Nb6 Kxa5 43. Nd7 Nd5 44. Nf8 Kb4 45. Kd2 Kb3 46. Kc1 Nc3 47. e3 a5 48. exd4
exd4 49. Ne6 Nb5 50. Kd2 a4 51. Nc5+ Kb4 52. Na6+ Ka5 53. Nc5 a3 54. Kc2 Kb4
55. Na6+ Ka4  1/2-1/2

[Event "Hokkaido Chess Championship 2025"]
[Site ""]
[Date "2025.03.23"]
[Round "4"]
[Board "7"]
[White "Ito, Katsuhide"]
[Black "Sugimoto, Koichi"]
[Result "0-1"]
[WhiteElo "1389"]
[BlackElo "1908"]
[PlyCount "48"]
[EventDate "2025.03.22"]
[EventRounds "5"]
[EventCountry "JPN"]

1. e4 c5 2. Nf3 d6 3. d4 cxd4 4. Nxd4 Nf6 5. Nc3 g6 6. Bc4 Bg7 7. O-O O-O 8.
Bb3 Nc6 9. Nxc6 bxc6 10. h3 Qa5 11. Re1 Nd7 12. a3 Nc5 13. Ba2 Qb6 14. Bg5 Re8
15. Qd2 Qxb2 16. Nd5 cxd5 17. Qxd5 Be6 18. Bb3 Bxd5 19. exd5 Nxb3 20. cxb3 Qxa1
21. Rxa1 Bxa1 22. Be3 a6 23. b4 Rab8 24. Bc1 Rec8  0-1

[Event "Hokkaido Chess Championship 2025"]
[Site ""]
[Date "2025.03.23"]
[Round "5"]
[Board "1"]
[White "Kawamura, Takuto"]
[Black "Dryglas, Maciej"]
[Result "0-1"]
[WhiteElo "1745"]
[BlackElo "2135"]
[PlyCount "72"]
[EventDate "2025.03.22"]
[EventRounds "5"]
[EventCountry "JPN"]

{[%evp 0,51,21,26,44,40,57,50,40,64,56,46,49,7,38,13,-1,-71,-32,-80,28,2,12,13,
0,-28,-61,108,-49,-46,-51,65,-104,0,-149,-168,-225,-87,-223,-251,-260,-275,
-276,-370,-339,-383,-399,-539,-566,-572,-632,-604,-504,-499]} 1. d4 c5 2. d5 f5
3. c4 Nf6 4. Nc3 g6 5. Nf3 Bg7 6. Bf4 Qb6 7. Nb5 d6 8. Qc1 Ne4 9. Nd2 Nf6 10.
Nc3 e5 11. dxe6 Bxe6 12. Nb5 O-O 13. Bxd6 Re8 14. Be5 Nbd7 15. Bc3 Bf7 16. e3
f4 17. Nf3 fxe3 18. fxe3 Bh6 19. Bd2 Ne4 20. Be2 Ne5 21. Nxe5 Rxe5 22. Bc3 Nxc3
23. Qxc3 Rxe3 24. Qc2 Rae8 25. Nc3 Bxc4 26. O-O Bxe2 27. Nd5 Qe6 28. Nf6+ Kh8
29. Nxe8 Bxf1 30. Rxf1 Qxe8 31. Qxc5 Re2 32. Qc3+ Bg7 33. Qa3 Qe3+ 34. Qxe3
Rxe3 35. Rf7 Bd4 36. Kf1 b5  0-1

[Event "Hokkaido Chess Championship 2025"]
[Site ""]
[Date "2025.03.23"]
[Round "5"]
[Board "2"]
[White "Miyatani, Ryouhei"]
[Black "Honda, Yoshiki"]
[Result "1/2-1/2"]
[WhiteElo "1672"]
[BlackElo "1828"]
[PlyCount "52"]
[EventDate "2025.03.22"]
[EventRounds "5"]
[EventCountry "JPN"]

1. e4 c5 2. Nf3 d6 3. Bb5+ Bd7 4. Bxd7+ Qxd7 5. c4 Nc6 6. d4 cxd4 7. Nxd4 Nf6
8. Nc3 g6 9. b3 Bg7 10. Bb2 O-O 11. O-O Rad8 12. Nxc6 bxc6 13. Qc2 Qb7 14. Nd1
d5 15. exd5 cxd5 16. cxd5 Nxd5 17. Bxg7 Kxg7 18. Qb2+ Kg8 19. Nc3 Nxc3 20. Qxc3
Rc8 21. Qb2 Rfd8 22. Rac1 Rxc1 23. Rxc1 Qd7 24. h3 Qd6 25. b4 Qd2 26. Qxd2 Rxd2
 1/2-1/2

[Event "Hokkaido Chess Championship 2025"]
[Site ""]
[Date "2025.03.23"]
[Round "5"]
[Board "3"]
[White "Sugimoto, Koichi"]
[Black "kuramoto, koutarou"]
[Result "1-0"]
[WhiteElo "1908"]
[BlackElo "1757"]
[PlyCount "61"]
[EventDate "2025.03.22"]
[EventRounds "5"]
[EventCountry "JPN"]

1. d4 Nf6 2. Nc3 g6 3. Bf4 d5 4. e3 Bg7 5. h4 h5 6. Nf3 c5 7. Nb5 Na6 8. c3 Bd7
9. Ne5 c4 10. Nxd7 Qxd7 11. a4 Ne4 12. g3 f6 13. Bh3 Qc6 14. f3 e5 15. dxe5
fxe5 16. fxe4 exf4 17. exd5 Qc5 18. gxf4 Qxe3+ 19. Qe2 Qxe2+ 20. Kxe2 Rf8 21.
Ke3 Nc5 22. Nc7+ Ke7 23. Nxa8 Bh6 24. Kd4 Nb3+ 25. Kxc4 Nxa1 26. Rxa1 Kd6 27.
Rf1 Rxa8 28. f5 Rc8+ 29. Kd4 Rf8 30. f6 Rxf6 31. Rxf6+  1-0

[Event "Hokkaido Chess Championship 2025"]
[Site ""]
[Date "2025.03.23"]
[Round "5"]
[Board "4"]
[White "Etabag, John Vincent"]
[Black "Aoki, Yasuhiro"]
[Result "1-0"]
[WhiteElo "1821"]
[BlackElo "1731"]
[PlyCount "59"]
[EventDate "2025.03.22"]
[EventRounds "5"]
[EventCountry "JPN"]

1. e4 d6 2. Nc3 Nf6 3. f4 e5 4. Nf3 exf4 5. d4 Nc6 6. Bc4 Be7 7. O-O O-O 8. Bb3
Na5 9. Bxf4 Nxb3 10. axb3 Bg4 11. Qd3 a6 12. Rae1 Nh5 13. Bd2 c6 14. d5 Bxf3
15. Qxf3 Bg5 16. Bxg5 Qxg5 17. dxc6 bxc6 18. Nd1 Nf6 19. Ne3 Nd7 20. Kh1 Ne5
21. Qe2 a5 22. Nf5 Rfd8 23. Rd1 f6 24. Nxd6 a4 25. bxa4 Rxa4 26. b3 Ra2 27. h3
Rda8 28. Rf5 Qh4 29. Rxe5 fxe5 30. Qc4+  1-0

[Event "Hokkaido Chess Championship 2025"]
[Site ""]
[Date "2025.03.23"]
[Round "5"]
[Board "5"]
[White "Shishido, Kenta"]
[Black "Yoshii, Yukihiko"]
[Result "0-1"]
[WhiteElo "1431"]
[BlackElo "1771"]
[PlyCount "100"]
[EventDate "2025.03.22"]
[EventRounds "5"]
[EventCountry "JPN"]

1. e4 c6 2. d4 d5 3. Nd2 dxe4 4. Nxe4 Bf5 5. Ng3 Bg6 6. h4 h6 7. h5 Bh7 8. Nf3
Nd7 9. Bf4 e6 10. Bd3 Bxd3 11. Qxd3 Ngf6 12. O-O-O Be7 13. Ne5 O-O 14. Kb1 Qb6
15. f3 Rad8 16. Nc4 Qa6 17. Ne4 Nxe4 18. fxe4 Nc5 19. Qe2 Na4 20. Bc1 Qb5 21.
Rh3 Qa6 22. Rg3 Kh8 23. Qg4 Rg8 24. b3 Nb6 25. Nxb6 Qxb6 26. Bb2 Bg5 27. Rf3
Qc7 28. e5 Rd7 29. Ba3 Rgd8 30. Bd6 Rxd6 31. exd6 Rxd6 32. Rdf1 Rd7 33. R3f2
Be3 34. Rf3 Bxd4 35. Rd3 Bf6 36. Rxd7 Qxd7 37. Qd1 Qc7 38. Qd3 Qe5 39. c3 Qxh5
40. Kb2 Qg5 41. Rf2 Qc5 42. Rc2 b5 43. b4 Qxb4+ 44. Kc1 Bg5+ 45. Kd1 Qb1+ 46.
Ke2 Qg1 47. Qf3 f6 48. Qxc6 Qe3+ 49. Kf1 Bh4 50. Qf3 Qe1#  0-1

[Event "Hokkaido Chess Championship 2025"]
[Site ""]
[Date "2025.03.23"]
[Round "5"]
[Board "9"]
[White "Ito, Katsuhide"]
[Black "Yajima, Machiko"]
[Result "0-1"]
[WhiteElo "1389"]
[BlackElo "1367"]
[PlyCount "68"]
[EventDate "2025.03.22"]
[EventRounds "5"]
[EventCountry "JPN"]

1. e4 e5 2. Nf3 Nc6 3. Bb5 a6 4. Ba4 Nf6 5. O-O Nxe4 6. d4 exd4 7. Nxd4 Nc5 8.
Re1+ Ne7 9. c3 Nxa4 10. Qxa4 g6 11. Bg5 h6 12. Bf6 Rh7 13. Qd1 c5 14. Nf3 Qb6
15. b3 Qxf6 16. Re3 d6 17. Nbd2 Be6 18. Ne4 Qf4 19. Nxd6+ Kd8 20. Nxf7+ Kc7 21.
N7e5 Nd5 22. Rd3 Bd6 23. Qe1 Re8 24. c4 Bxe5 25. cxd5 Bxa1 26. Qxa1 Bd7 27. Qc3
Qb4 28. d6+ Kd8 29. Qf6+ Kc8 30. h3 Qe4 31. Re3 Qf5 32. Rxe8+ Bxe8 33. Qc3 Qd5
34. Qf6 Rf7 {(Time)}  0-1